000
00287nam a2200097Ia 4500
008
220216s9999 xx 000 0 und d
100
_a
Albaladejo J L
245
0
_a
Global development of the rubberwood industry based on a sustainable timber resource
650
_a
Rubber wood
942
_c
JS
999
_c
59954
_d
59954